<?xml version="1.0" encoding="UTF-8"?>
<record
    xmlns:xsi="http://www.w3.org/2001/XMLSchema-instance"
    xsi:schemaLocation="http://www.loc.gov/MARC21/slim http://www.loc.gov/standards/marcxml/schema/MARC21slim.xsd"
    xmlns="http://www.loc.gov/MARC21/slim">

  <leader>02312nam a22003137a 4500</leader>
  <controlfield tag="001">1539</controlfield>
  <controlfield tag="003">FISKH</controlfield>
  <controlfield tag="005">20230905150517.0</controlfield>
  <controlfield tag="008">230905b        cb ||||| |||| 00| 0 khr d</controlfield>
  <datafield tag="020" ind1=" " ind2=" ">
    <subfield code="a">9789996305009</subfield>
  </datafield>
  <datafield tag="040" ind1=" " ind2=" ">
    <subfield code="a">FISKH </subfield>
    <subfield code="b">eng </subfield>
    <subfield code="c">FISKH </subfield>
    <subfield code="d">FISKH </subfield>
  </datafield>
  <datafield tag="082" ind1=" " ind2=" ">
    <subfield code="a">636.59</subfield>
  </datafield>
  <datafield tag="100" ind1=" " ind2=" ">
    <subfield code="a">Stewart, Amber </subfield>
  </datafield>
  <datafield tag="245" ind1=" " ind2=" ">
    <subfield code="a">&#x1798;&#x17BD;&#x1799;&#x1787;&#x17C6;&#x17A0;&#x17B6;&#x1793;&#x178A;&#x17CF;&#x1792;&#x17C6;&#x179A;&#x1794;&#x179F;&#x17CB;&#x1780;&#x17B6;&#x1794;&#x1780;&#x17B6;&#x1794; / </subfield>
    <subfield code="c">&#x17A2;&#x17C1;&#x1798;&#x1794;&#x17CA;&#x17BA;&#x179A; &#x179F;&#x17D2;&#x1791;&#x17C1;&#x179C;&#x17C9;&#x17B6;&#x178F; - &#x179B;&#x17C2;&#x1793; &#x1798;&#x17C9;&#x17B6;&#x17A1;&#x17BC; - &#x1794;&#x1780;&#x1794;&#x17D2;&#x179A;&#x17C2;&#x1796;&#x17B8;&#x1797;&#x17B6;&#x179F;&#x17B6;&#x17A2;&#x1784;&#x17CB;&#x1782;&#x17D2;&#x179B;&#x17C1;&#x179F;&#x178A;&#x17C4;&#x1799; &#x17A0;&#x17BD;&#x178F; &#x179C;&#x17B7;&#x1785;&#x17D2;&#x1781;&#x17B7;&#x1780;&#x17B6; </subfield>
  </datafield>
  <datafield tag="250" ind1=" " ind2=" ">
    <subfield code="a">&#x1794;&#x17C4;&#x17C7;&#x1796;&#x17BB;&#x1798;&#x17D2;&#x1796;&#x179B;&#x17BE;&#x1780;&#x1791;&#x17B8;&#x17E9; &#x1798;&#x17B7;&#x1790;&#x17BB;&#x1793;&#x17B6;&#x200B; &#x17E2;&#x17E0;&#x17E2;&#x17E2;</subfield>
  </datafield>
  <datafield tag="260" ind1=" " ind2=" ">
    <subfield code="a">Phnom Penh : </subfield>
    <subfield code="b">Sipar, </subfield>
    <subfield code="c">2010.</subfield>
  </datafield>
  <datafield tag="300" ind1=" " ind2=" ">
    <subfield code="a">27 pages : </subfield>
    <subfield code="b">color illustrations ; </subfield>
    <subfield code="c">24 cm</subfield>
  </datafield>
  <datafield tag="490" ind1=" " ind2=" ">
    <subfield code="a">&#x179A;&#x17BF;&#x1784;&#x178A;&#x17C6;&#x1794;&#x17BC;&#x1784;&#x17D7;</subfield>
  </datafield>
  <datafield tag="505" ind1=" " ind2=" ">
    <subfield code="a">G
</subfield>
  </datafield>
  <datafield tag="520" ind1=" " ind2=" ">
    <subfield code="a">&#x1780;&#x17B6;&#x1794;&#x1780;&#x17B6;&#x1794;&#x1787;&#x17B6;&#x1780;&#x17BC;&#x1793;&#x1791;&#x17B6;&#x178F;&#x17BC;&#x1785;&#x1798;&#x17BD;&#x1799;&#x17D4; &#x179C;&#x17B6;&#x1785;&#x1784;&#x17CB;&#x1791;&#x17C5;&#x179A;&#x17C0;&#x1793;&#x1781;&#x17D2;&#x179B;&#x17B6;&#x17C6;&#x1784;&#x178E;&#x17B6;&#x179F;&#x17CB;&#x17D4; &#x1794;&#x17C9;&#x17BB;&#x1793;&#x17D2;&#x178F;&#x17C2;&#x1790;&#x17D2;&#x1784;&#x17C3;&#x1785;&#x17BC;&#x179B;&#x179A;&#x17C0;&#x1793;&#x1798;&#x1780;&#x178A;&#x179B;&#x17CB; &#x1780;&#x17D2;&#x1793;&#x17BB;&#x1784;&#x1785;&#x17B7;&#x178F;&#x17D2;&#x178F;&#x179C;&#x17B6;&#x179A;&#x17B6;&#x179A;&#x17C2;&#x1780;&#x1798;&#x17BD;&#x1799;&#x179A;&#x17C6;&#x1796;&#x17C1;&#x1785;&#x17D4; &#x1791;&#x17C4;&#x17C7;&#x1799;&#x17C9;&#x17B6;&#x1784;&#x178E;&#x17B6;&#x1780;&#x17B6;&#x179A;&#x1785;&#x17BC;&#x179B;&#x179F;&#x17B6;&#x179B;&#x17B6;&#x179A;&#x17C0;&#x1793; &#x1782;&#x17BA;&#x1787;&#x17B6;&#x1780;&#x17B6;&#x179A;&#x1794;&#x17C4;&#x17C7;&#x1787;&#x17C6;&#x17A0;&#x17B6;&#x1793;&#x1798;&#x17BD;&#x1799;&#x1799;&#x17C9;&#x17B6;&#x1784;&#x1792;&#x17C6;&#x179A;&#x1794;&#x179F;&#x17CB;&#x179C;&#x17B6;&#x17D4; &#x1780;&#x17D2;&#x1793;&#x17BB;&#x1784;&#x179A;&#x17BF;&#x1784;&#x1793;&#x17C1;&#x17C7; &#x1780;&#x17D2;&#x178A;&#x17B8;&#x1796;&#x17D2;&#x179A;&#x17BD;&#x1799;&#x1794;&#x17B6;&#x179A;&#x1798;&#x17D2;&#x1797;&#x179A;&#x1794;&#x179F;&#x17CB;&#x1780;&#x17B6;&#x1794;&#x1780;&#x17B6;&#x1794; &#x1794;&#x17D2;&#x179A;&#x17C2;&#x1780;&#x17D2;&#x179B;&#x17B6;&#x1799;&#x1787;&#x17B6;&#x179F;&#x17D2;&#x1793;&#x17B6;&#x1798;&#x1789;&#x1789;&#x17B9;&#x1798; &#x178A;&#x17C4;&#x1799;&#x179F;&#x17B6;&#x179A;&#x1780;&#x17B6;&#x179A;&#x1795;&#x17D2;&#x178A;&#x179B;&#x17CB;&#x1780;&#x17D2;&#x178A;&#x17B8;&#x179F;&#x17D2;&#x179A;&#x179B;&#x17B6;&#x1789;&#x17CB;&#x1793;&#x17B7;&#x1784;&#x1782;&#x17B6;&#x17C6;&#x1791;&#x17D2;&#x179A;&#x1796;&#x17B8;&#x1798;&#x17D2;&#x178A;&#x17B6;&#x1799; &#x1785;&#x17C6;&#x1796;&#x17C4;&#x17C7;&#x1780;&#x17B6;&#x179A;&#x179F;&#x17B7;&#x1780;&#x17D2;&#x179F;&#x17B6;&#x179A;&#x1794;&#x179F;&#x17CB;&#x1780;&#x17BC;&#x1793;&#x17D4; </subfield>
  </datafield>
  <datafield tag="520" ind1=" " ind2=" ">
    <subfield code="a">Kab Kap is a small duckling. She wants to go to school very much. But the day of school came to mind, she hesitated immediately. However, going to school is a big step. In this regard, Kab Kap's concern turns into a smile due to the mother's love and support for her child's education.</subfield>
  </datafield>
  <datafield tag="521" ind1="8" ind2=" ">
    <subfield code="a">380

</subfield>
    <subfield code="b">Lexile estimate 
</subfield>
  </datafield>
  <datafield tag="521" ind1="8" ind2=" ">
    <subfield code="a">G
</subfield>
    <subfield code="b">Raz-Plus 
</subfield>
  </datafield>
  <datafield tag="650" ind1=" " ind2=" ">
    <subfield code="a">&#x1796;&#x17D2;&#x179A;&#x17BD;&#x1799;&#x1794;&#x17B6;&#x179A;&#x1798;&#x17D2;&#x1797; </subfield>
    <subfield code="v">&#x179A;&#x17B6;&#x179A;&#x17C2;&#x1780; </subfield>
    <subfield code="x">&#x179F;&#x17D2;&#x1793;&#x17B6;&#x1798;&#x1789;&#x1789;&#x17B9;&#x1798; </subfield>
    <subfield code="y">&#x179F;&#x17B6;&#x179B;&#x17B6;&#x179A;&#x17C0;&#x1793; </subfield>
  </datafield>
  <datafield tag="651" ind1=" " ind2=" ">
    <subfield code="a">Worry </subfield>
    <subfield code="v">Hesitate </subfield>
    <subfield code="x">Smile</subfield>
    <subfield code="y">School </subfield>
  </datafield>
  <datafield tag="700" ind1=" " ind2=" ">
    <subfield code="a">Vichheka, Huot </subfield>
    <subfield code="e">Translator </subfield>
  </datafield>
  <datafield tag="700" ind1=" " ind2=" ">
    <subfield code="a">Marlow, Layn </subfield>
    <subfield code="e">illustrator </subfield>
  </datafield>
  <datafield tag="942" ind1=" " ind2=" ">
    <subfield code="2">ddc</subfield>
    <subfield code="c">BK</subfield>
    <subfield code="n">0</subfield>
  </datafield>
  <datafield tag="999" ind1=" " ind2=" ">
    <subfield code="c">1539</subfield>
    <subfield code="d">1539</subfield>
  </datafield>
  <datafield tag="952" ind1=" " ind2=" ">
    <subfield code="0">0</subfield>
    <subfield code="1">0</subfield>
    <subfield code="2">ddc</subfield>
    <subfield code="4">0</subfield>
    <subfield code="7">0</subfield>
    <subfield code="8">KH</subfield>
    <subfield code="a">001</subfield>
    <subfield code="b">001</subfield>
    <subfield code="c">KHRS</subfield>
    <subfield code="d">2023-09-05</subfield>
    <subfield code="l">0</subfield>
    <subfield code="o">STE 636.59</subfield>
    <subfield code="p">2023-0484</subfield>
    <subfield code="r">2025-11-10 10:15:24</subfield>
    <subfield code="t">1</subfield>
    <subfield code="w">2023-09-05</subfield>
    <subfield code="y">KHB</subfield>
  </datafield>
  <datafield tag="952" ind1=" " ind2=" ">
    <subfield code="0">0</subfield>
    <subfield code="1">0</subfield>
    <subfield code="2">ddc</subfield>
    <subfield code="4">0</subfield>
    <subfield code="7">0</subfield>
    <subfield code="8">KH</subfield>
    <subfield code="a">001</subfield>
    <subfield code="b">001</subfield>
    <subfield code="c">KHRS</subfield>
    <subfield code="d">2023-09-05</subfield>
    <subfield code="l">1</subfield>
    <subfield code="o">STE 636.59</subfield>
    <subfield code="p">2023-0485</subfield>
    <subfield code="r">2026-01-20 10:13:06</subfield>
    <subfield code="s">2026-01-13</subfield>
    <subfield code="t">2</subfield>
    <subfield code="w">2023-09-05</subfield>
    <subfield code="y">KHB</subfield>
  </datafield>
  <datafield tag="952" ind1=" " ind2=" ">
    <subfield code="0">0</subfield>
    <subfield code="1">0</subfield>
    <subfield code="2">ddc</subfield>
    <subfield code="4">0</subfield>
    <subfield code="7">0</subfield>
    <subfield code="8">KH</subfield>
    <subfield code="a">001</subfield>
    <subfield code="b">001</subfield>
    <subfield code="c">OKHR</subfield>
    <subfield code="d">2024-06-27</subfield>
    <subfield code="l">0</subfield>
    <subfield code="o">STE 636.59</subfield>
    <subfield code="p">FISTKG1B011</subfield>
    <subfield code="r">2024-06-27 14:14:21</subfield>
    <subfield code="t">3</subfield>
    <subfield code="w">2024-06-27</subfield>
    <subfield code="y">KHB</subfield>
  </datafield>
  <datafield tag="952" ind1=" " ind2=" ">
    <subfield code="0">0</subfield>
    <subfield code="1">0</subfield>
    <subfield code="2">ddc</subfield>
    <subfield code="4">0</subfield>
    <subfield code="7">0</subfield>
    <subfield code="8">KH</subfield>
    <subfield code="a">001</subfield>
    <subfield code="b">001</subfield>
    <subfield code="c">OKHR</subfield>
    <subfield code="d">2024-07-08</subfield>
    <subfield code="l">0</subfield>
    <subfield code="o">STE 636.59</subfield>
    <subfield code="p">FISTKG2A019</subfield>
    <subfield code="r">2024-07-08 10:10:26</subfield>
    <subfield code="t">4</subfield>
    <subfield code="w">2024-07-08</subfield>
    <subfield code="y">KHB</subfield>
  </datafield>
  <datafield tag="952" ind1=" " ind2=" ">
    <subfield code="0">0</subfield>
    <subfield code="1">0</subfield>
    <subfield code="2">ddc</subfield>
    <subfield code="4">0</subfield>
    <subfield code="7">0</subfield>
    <subfield code="8">KH</subfield>
    <subfield code="a">001</subfield>
    <subfield code="b">001</subfield>
    <subfield code="c">OKHR</subfield>
    <subfield code="d">2024-07-08</subfield>
    <subfield code="l">0</subfield>
    <subfield code="o">STE 636.59</subfield>
    <subfield code="p">2024-0917</subfield>
    <subfield code="r">2024-07-08 10:17:31</subfield>
    <subfield code="t">5</subfield>
    <subfield code="w">2024-07-08</subfield>
    <subfield code="y">KHB</subfield>
  </datafield>
  <datafield tag="952" ind1=" " ind2=" ">
    <subfield code="0">0</subfield>
    <subfield code="1">0</subfield>
    <subfield code="2">ddc</subfield>
    <subfield code="4">0</subfield>
    <subfield code="7">0</subfield>
    <subfield code="8">KH</subfield>
    <subfield code="a">001</subfield>
    <subfield code="b">001</subfield>
    <subfield code="c">OKHR</subfield>
    <subfield code="d">2024-07-08</subfield>
    <subfield code="l">0</subfield>
    <subfield code="o">STE 636.59</subfield>
    <subfield code="p">FISBK03736</subfield>
    <subfield code="r">2024-07-08 10:21:07</subfield>
    <subfield code="t">6</subfield>
    <subfield code="w">2024-07-08</subfield>
    <subfield code="y">KHB</subfield>
  </datafield>
  <datafield tag="952" ind1=" " ind2=" ">
    <subfield code="0">0</subfield>
    <subfield code="1">0</subfield>
    <subfield code="2">ddc</subfield>
    <subfield code="4">0</subfield>
    <subfield code="7">0</subfield>
    <subfield code="8">KH</subfield>
    <subfield code="a">001</subfield>
    <subfield code="b">001</subfield>
    <subfield code="c">OKHR</subfield>
    <subfield code="d">2024-07-08</subfield>
    <subfield code="l">1</subfield>
    <subfield code="o">STE 636.59</subfield>
    <subfield code="p">FISTKG2A002</subfield>
    <subfield code="r">2025-06-09 14:21:03</subfield>
    <subfield code="s">2024-12-03</subfield>
    <subfield code="t">7</subfield>
    <subfield code="w">2024-07-08</subfield>
    <subfield code="y">KHB</subfield>
  </datafield>
  <datafield tag="952" ind1=" " ind2=" ">
    <subfield code="0">0</subfield>
    <subfield code="1">0</subfield>
    <subfield code="2">ddc</subfield>
    <subfield code="4">0</subfield>
    <subfield code="7">0</subfield>
    <subfield code="8">KH</subfield>
    <subfield code="a">001</subfield>
    <subfield code="b">001</subfield>
    <subfield code="c">OKHR</subfield>
    <subfield code="d">2024-07-08</subfield>
    <subfield code="l">1</subfield>
    <subfield code="o">STE 636.59</subfield>
    <subfield code="p">2024-0918</subfield>
    <subfield code="r">2024-12-03 08:51:46</subfield>
    <subfield code="s">2024-08-23</subfield>
    <subfield code="t">8</subfield>
    <subfield code="w">2024-07-08</subfield>
    <subfield code="y">KHB</subfield>
  </datafield>
  <datafield tag="952" ind1=" " ind2=" ">
    <subfield code="0">0</subfield>
    <subfield code="1">0</subfield>
    <subfield code="2">ddc</subfield>
    <subfield code="4">0</subfield>
    <subfield code="7">0</subfield>
    <subfield code="8">KH</subfield>
    <subfield code="a">002</subfield>
    <subfield code="b">002</subfield>
    <subfield code="c">TTP Khmer</subfield>
    <subfield code="d">2025-08-21</subfield>
    <subfield code="l">0</subfield>
    <subfield code="o">STE 636.59</subfield>
    <subfield code="p">2025-4177</subfield>
    <subfield code="r">2025-08-21 12:34:38</subfield>
    <subfield code="t">9</subfield>
    <subfield code="w">2025-08-21</subfield>
    <subfield code="y">KHB</subfield>
  </datafield>
  <datafield tag="952" ind1=" " ind2=" ">
    <subfield code="0">0</subfield>
    <subfield code="1">0</subfield>
    <subfield code="2">ddc</subfield>
    <subfield code="4">0</subfield>
    <subfield code="7">0</subfield>
    <subfield code="8">KH</subfield>
    <subfield code="a">002</subfield>
    <subfield code="b">002</subfield>
    <subfield code="c">TTP Khmer</subfield>
    <subfield code="d">2025-08-21</subfield>
    <subfield code="l">0</subfield>
    <subfield code="o">STE 636.59</subfield>
    <subfield code="p">2025-4185</subfield>
    <subfield code="r">2025-08-21 12:48:30</subfield>
    <subfield code="t">10</subfield>
    <subfield code="w">2025-08-21</subfield>
    <subfield code="y">KHB</subfield>
  </datafield>
</record>
